Impacts of hearing loss /
محفوظ في:
| المؤلف الرئيسي: | |
|---|---|
| التنسيق: | أطروحة كتاب |
| اللغة: | English |
| منشور في: |
2006.
|
| الموضوعات: | |
| الوسوم: |
إضافة وسم
لا توجد وسوم, كن أول من يضع وسما على هذه التسجيلة!
|
| LEADER | 00748cam a2200217 a 4500 | ||
|---|---|---|---|
| 001 | u726567 | ||
| 003 | SIRSI | ||
| 005 | 200608221355 | ||
| 008 | 060822s2006 at v 000 0 eng m | ||
| 040 | |a UMM | ||
| 043 | |a u-at--- | ||
| 090 | |a HV2380 |b Azmaa | ||
| 100 | 0 | 0 | |a Azmin Azliza Aziz. |
| 245 | 1 | 0 | |a Impacts of hearing loss / |c Azmin Azliza Aziz. |
| 260 | |c 2006. | ||
| 300 | |a vii, 60 leaves ; |c 29 cm. | ||
| 502 | |a Dissertation (M.App.Stat.) -- Division of Economic & Financial Studies, Macquarie University, 2006. | ||
| 504 | |a Bibliography: leaves 59-60. | ||
| 650 | 0 | |a Hearing impaired |z Australia |z Blue Mountains |v Statistics. | |
| 596 | |a 1 | ||
| 999 | |a HV2380 AZMAA |w LC |c 1 |i A512835588 |d 15/3/2007 |f 15/3/2007 |g 1 |l STACKS |m P01UTAMA |r Y |s Y |t TESIS |u 15/3/2007 | ||
